Ο ΕΛΑΣ

Αποθηκεύτηκε σε:
Λεπτομέρειες βιβλιογραφικής εγγραφής
Κύριος συγγραφέας: Σαράφης, Στέφανος Γ. 1890-1957
Μορφή: Βιβλίο
Γλώσσα:Greek
Δημοσίευση: Αθήνα : Σύγχρονο Βιβλίο, 1964
Θέματα:
Ετικέτες: Προσθήκη ετικέτας
Δεν υπάρχουν, Καταχωρήστε ετικέτα πρώτοι!

MARC

LEADER 00000cam a2200000 i 4500
001 1/30228
008 060526s1964 gre d
035 |l 10084095 
040 |a GR-MY-UA  |b gre  |e aacr 
041 0 |a gre 
082 0 |a 938.764  |2 (22) 
100 1 |a Σαράφης, Στέφανος Γ.  |d 1890-1957. 
245 1 2 |a Ο ΕΛΑΣ /  |c Στέφανου Σαράφη 
260 |a Αθήνα :   |b Σύγχρονο Βιβλίο,   |c 1964 
300 |a 564 σ.;  |b εικ.;  |c 21 εκ. 
610 2 0 |a Ελληνικός Λαϊκός Απελευθερωτικός Στρατός. 
650 0 0 |a World War, 1939-1945  |x Underground movements  |z Greece. 
852 |a INST  |b LESVOS  |e 20060526  |h 938.764 ΣΑΡ  |p 005100035764  |q 005100035764  |t BK  |y 0  |z τ.1 
852 |a INST  |b LESVOS  |e 20060526  |h 938.764 ΣΑΡ  |p 005100035764  |q 005100035764  |t BK  |v τ.1:  |y 0  |z τ.1 
853 |a INST  |b LESVOS  |h 938.764 ΣΑΡ 
901 |a BIBL1-2006-2 
909 |a Λ  |b 123995 
970 |a ΚΑΜΑΤΣΟΥ  |b ΔΕΣΠΟΙΝΑ  |z 2006/05/26